Diagnóstico de la generación de residuos sólidos en viviendas de mampostería integral /
Na minha lista:
| Autor principal: | |
|---|---|
| Outros Autores: | |
| Formato: | Livro |
| Publicado em: |
[San José], Costa Rica
2010
|
| Assuntos: | |
| Tags: |
Adicionar Tag
Sem tags, seja o primeiro a adicionar uma tag!
|
MARC
| LEADER | 00000nam a2200000Ia 4500 | ||
|---|---|---|---|
| 003 | 010259 | ||
| 005 | 20240408081156.0 | ||
| 008 | 140114s2010 cr a 000 ||s d | ||
| 040 | |c cru CEDI | ||
| 090 | |a TFG 6311 | ||
| 100 | |a Delgado González, Alfonso, 1982- |9 2915 | ||
| 245 | |a Diagnóstico de la generación de residuos sólidos en viviendas de mampostería integral / | ||
| 260 | |a [San José], Costa Rica |c 2010 | ||
| 300 | |a 108 hojas : ilustraciones, planos. | ||
| 500 | |a Proyecto de graduación (licenciatura en ingeniería civil)--Universidad de Costa Rica. Facultad de Ingeniería. Escuela de Ingeniería Civil | ||
| 501 | |a Directora del Proyecto de Graduación: Ing. Paola Vidal Rivera | ||
| 650 | |x MAMPOSTERIA |x RESIDUOS INDUSTRIALES - MANIPULACION - AREA METROPOLITANA DE SAN JOSE (COSTA RICA) |x RESIDUOS INDUSTRIALES - AREA METROPOLITANA DE SAN JOSE (COSTA RICA) - EVALUACION |x CONSTRUCCION DE VIVIENDAS - ASPECTOS AMBIENTALES - GRAN AREA METROPOLITANA (COSTA RICA) |9 2700 | ||
| 700 | |a Vidal Rivera, Paola Marcela 1979- |d Directora del TFG |9 2 | ||
| 942 | |c TFG |h TFG 6311 |i 010259 |6 TFG_6311_010259000000000 | ||
| 999 | |c 15894 |d 15894 | ||
